000 00404nam a2200121Ia 4500
003 GCL
008 140319s9999 xx 000 0 ara d
040 _aGCL /
_cGCL
082 0 4 _a811.1
_bف ا
100 1 _aفؤاد افرام البستانى
245 1 0 _aامرؤ القيس (هدية من الاديب عبدالفتاح الجمل) /
_cفؤاد افرام البستانى
490 _aالروائع
_v0
999 _c47561
_d47561